000 00335nam a22001457a 4500
008 210301b ||||| |||| 00| 0 eng d
020 _a9780323006842
041 _aeng
080 _26th
_a615
082 _a615
100 _a5
101 _aFAR
245 _aPharmacologic Basis of Nursing Practice
_cClark, J. F
942 _2udc
_cBK
999 _c55313
_d55313